El Clientelismo político como intercambio / Susana Corzo Fernández
Descripción Física:
67 p. ; 21 cm
MARC
| LEADER | 00000nam a2200000Ia 4500 | ||
|---|---|---|---|
| 001 | 14848 | ||
| 008 | 160829s2002 xx 000 0 cat d | ||
| 080 | |a M-4-273 | ||
| 100 | |a Corzo Fernández, Susana |9 31969 | ||
| 245 | |a El Clientelismo político como intercambio / Susana Corzo Fernández | ||
| 260 | |a Barcelona : |b Institut de Ciències Polítiques i Socials, |c 2002 | ||
| 300 | |a 67 p. ; |c 21 cm | ||
| 490 | |a Working papers / Institut de Ciències Polítiques i Socials ; 206 | ||
| 590 | |a Notes. | ||
| 590 | |a Bibliografia | ||
| 650 | |a Caciquisme |9 31970 | ||
| 650 | 0 | |a Corrupció política |9 11034 | |
| 650 | |a Poder (Ciències socials) I |9 31972 | ||
| 650 | |a Ètica política |9 31973 | ||
| 710 | 2 | |a Institut de Ciències Polítiques i Socials (Barcelona, Catalunya) |9 55871 | |
| 901 | |a Arxiu | ||
| 942 | |n 1 | ||
| 952 | |0 0 |1 0 |4 0 |6 M4273 |7 1 |9 45821 |a Arxiu |b Arxiu |d 2016-12-01 |l 0 |o M-4-273 |p 14848 |r 2016-12-01 00:00:00 |w 2016-12-01 |y ARXIU | ||
| 999 | |c 49321 |d 49321 | ||